Vè chàng Lía
Sách trình bày khái quát về thể vè và tình hình văn bản "Vè chàng Lía", tìm hiểu một số khía cạnh, hình tượng chàng Lía trong truyện cổ tích và văn học viết.
Đã lưu trong:
| 主要作者: | |
|---|---|
| 格式: | 图书 |
| 语言: | Undetermined |
| 出版: |
Hà Nội
Thanh niên
2010
|
| 主题: | |
| 标签: |
添加标签
没有标签, 成为第一个标记此记录!
|
| Thư viện lưu trữ: | Trung tâm Học liệu Trường Đại học Cần Thơ |
|---|
| LEADER | 00794nam a2200193Ia 4500 | ||
|---|---|---|---|
| 001 | CTU_167704 | ||
| 008 | 210402s9999 xx 000 0 und d | ||
| 082 | |a 398.8597 | ||
| 082 | |b T406 | ||
| 100 | |a Trần, Xuân Toàn | ||
| 245 | 0 | |a Vè chàng Lía | |
| 245 | 0 | |c Trần Xuân Toàn | |
| 260 | |a Hà Nội | ||
| 260 | |b Thanh niên | ||
| 260 | |c 2010 | ||
| 520 | |a Sách trình bày khái quát về thể vè và tình hình văn bản "Vè chàng Lía", tìm hiểu một số khía cạnh, hình tượng chàng Lía trong truyện cổ tích và văn học viết. | ||
| 650 | |a Folk literature, vietnamese,Văn học dân gian Việt Nam | ||
| 904 | |i Trọng Hải | ||
| 980 | |a Trung tâm Học liệu Trường Đại học Cần Thơ | ||